| 000 | 00865cab a2200289 4500 | ||
|---|---|---|---|
| 001 | ABS59007 | ||
| 008 | 090401t1998 xxu||||| |||| 00| 0 eng d | ||
| 035 | _a(Sirsi) u87538 | ||
| 041 | _aeng | ||
| 100 | _aSherrington, M. | ||
| 245 | _aClear the decks | ||
| 260 | _c1998 | ||
| 350 | _a0 | ||
| 490 |
_aSurveyor _v185(5492) 9 July 1998, 19-21(2) |
||
| 520 | _aReport on the approach taken to protect the Dartford crossing from ice. | ||
| 650 | _aDARTFORD CROSSING | ||
| 650 | _aENVIRONMENTAL IMPACT | ||
| 650 | _aICE | ||
| 650 | _aBUILT ENVIRONMENT-BUILDING MAINTENANCE AND REFURBISHMENT | ||
| 650 | _aPOTASSIUM ACETATE | ||
| 650 | _aPROPERTY-INFRASTRUCTURE-TRANSPORT INFRASTRUCTURE-ROAD INFRASTRUCTURE | ||
| 650 | _aSALT | ||
| 650 | _aSNOW | ||
| 690 | _aBUILDING AND CONSTRUCTION-REPAIRS AND MAINTENANCE | ||
| 942 | _n0 | ||
| 948 | _c22/07/1998 | ||
| 999 |
_c55224 _d55224 |
||